000 00704cam a22002053a 4500
001 43468
003 PGUSA
005 20140828084005.0
008 130814s2013||||xxu|||||s|||||000 | eng d
040 _aPGUSA
_beng
042 _adc
100 1 _aPerkins, Evora Bucknum
245 1 4 _aThe Laurel Health Cookery :
_bA Collection of Practical Suggestions and Recipes for the Preparation of Non-Flesh Foods in Palatable and Attractive Ways
_h[electronic resource] /
_cEvora Bucknum Perkins
260 _bProject Gutenberg,
_c2013
506 _aPublic domain in the USA.
516 _aElectronic text
830 0 _aProject Gutenberg
_v43468
856 4 0 _uhttp://www.gutenberg.org/ebooks/43468
942 _cEB
999 _c272719
_d272719